|
|
|
|
| LEADER |
01144nam a22002417i 4500 |
| 001 |
10119027 |
| 003 |
GR-PaULI |
| 005 |
20210117210521.0 |
| 008 |
171201s2016 gr g 0 d gre d |
| 020 |
|
|
|a 9786185191412
|
| 040 |
|
|
|a GR-PaULI
|b gre
|c GR-PaULI
|e AACR2
|
| 082 |
0 |
4 |
|a 889.28
|2 23
|
| 100 |
1 |
|
|a Κούφαλης, Αντώνης
|9 148734
|e συγγραφέας
|
| 245 |
1 |
0 |
|a Το ψωμί της Νινευί /
|c Αντώνη και Κωνσταντίνος Κούφαλης ; πρόλογος Δημήτρης Μυλωνάς ; Επίμετρο Χρήστος Χρυσανθόπουλος.
|
| 260 |
|
|
|a Αθήνα :
|b Κάπα,
|c 2016.
|
| 300 |
|
|
|a 45 σ. ;
|c 21 εκ.
|
| 650 |
|
4 |
|a Ελληνικά θεατρικά έργα
|y 21ος αιώνας
|9 102577
|
| 700 |
1 |
4 |
|a Κούφαλης, Κωνσταντίνος
|9 148735
|e συγγραφέας
|
| 760 |
0 |
|
|a Ελληνικό θέατρο
|
| 942 |
|
|
|2 ddc
|c BK15
|
| 952 |
|
|
|0 0
|1 0
|2 ddc
|4 0
|6 889_280000000000000_ΚΟΥ
|7 0
|9 217754
|a THST
|b THST
|d 2017-12-01
|i 014587
|l 0
|o 889.28 ΚΟΥ
|p 025000199817
|r 2017-12-01 00:00:00
|t 1
|v 2017.00
|w 2017-12-01
|y BK15
|
| 998 |
|
|
|c ΜΑΝΙΑ
|d 2017-12
|
| 999 |
|
|
|c 131954
|d 131954
|